Constitutional and administrative law :text with materials. / (Record no. 735)
[ view plain ]
| 000 -LEADER | |
|---|---|
| fixed length control field | 02157cam a2200385 a 4500 |
| 001 - CONTROL NUMBER | |
| control field | 14761199 |
| 005 - DATE AND TIME OF LATEST TRANSACTION | |
| control field | 20210414113928.0 |
| 008 - FIXED-LENGTH DATA ELEMENTS--GENERAL INFORMATION | |
| fixed length control field | 070307s2007 enk b 001 0 eng |
| 010 ## - LIBRARY OF CONGRESS CONTROL NUMBER | |
| LC control number | 2007009643 |
| 020 ## - INTERNATIONAL STANDARD BOOK NUMBER | |
| International Standard Book Number | 9780199286379 |
| 020 ## - INTERNATIONAL STANDARD BOOK NUMBER | |
| International Standard Book Number | 019928637X |
| 035 ## - SYSTEM CONTROL NUMBER | |
| System control number | (OCoLC)ocm85822681 |
| 035 ## - SYSTEM CONTROL NUMBER | |
| System control number | (OCoLC)85822681 |
| 040 ## - CATALOGING SOURCE | |
| Original cataloging agency | DLC |
| Transcribing agency | DLC |
| Modifying agency | BAKER |
| -- | BTCTA |
| -- | YDXCP |
| -- | C#P |
| -- | DLC |
| 043 ## - GEOGRAPHIC AREA CODE | |
| Geographic area code | e-uk--- |
| 050 00 - LIBRARY OF CONGRESS CALL NUMBER | |
| Classification number | KD3930.P65 |
| 082 00 - DEWEY DECIMAL CLASSIFICATION NUMBER | |
| Classification number | 342.41 |
| Edition number | 22 |
| 100 1# - MAIN ENTRY--PERSONAL NAME | |
| Personal name | Pollard, David, |
| Dates associated with a name | 1939 Mar. 23- |
| 245 10 - TITLE STATEMENT | |
| Title | Constitutional and administrative law :text with materials. / |
| Statement of responsibility, etc. | David Pollard |
| 250 ## - EDITION STATEMENT | |
| Edition statement | 4th ed. / |
| Remainder of edition statement | David Pollard, Neil Parpworth, David Hughes. |
| 260 ## - PUBLICATION, DISTRIBUTION, ETC. | |
| Place of publication, distribution, etc. | Oxford ; |
| -- | New York : |
| Name of publisher, distributor, etc. | Oxford University Press, |
| Date of publication, distribution, etc. | c2007. |
| 300 ## - PHYSICAL DESCRIPTION | |
| Extent | lii, 920 p. |
| Dimensions | 25 cm. |
| 504 ## - BIBLIOGRAPHY, ETC. NOTE | |
| Bibliography, etc. note | Includes bibliographical references and index. |
| 505 0# - FORMATTED CONTENTS NOTE | |
| Formatted contents note | Contents: Constitutional and administrative law : nature, sources and history -- Constitutional law and constitutional principles -- The Royal prerogative -- The Cabinet : ministers and their responsibilities -- Parliament : composition and privileges -- Parliament : procedures and functions -- The United Kingdom and the European Community and Union -- The Parliamentary commissioner for administration -- The Availability of judicial review -- Grounds for judicial review -- Public order -- Police powers -- European Convention on Human Rights and Fundamental Freedoms and the Human Rights Act 1998. |
| 650 #0 - SUBJECT ADDED ENTRY--TOPICAL TERM | |
| Topical term or geographic name entry element | Constitutional law |
| Geographic subdivision | Great Britain. |
| 650 #0 - SUBJECT ADDED ENTRY--TOPICAL TERM | |
| Topical term or geographic name entry element | Constitutional law |
| Geographic subdivision | Great Britain |
| Form subdivision | Cases. |
| 700 1# - ADDED ENTRY--PERSONAL NAME | |
| Personal name | Parpworth, Neil. |
| 700 1# - ADDED ENTRY--PERSONAL NAME | |
| Personal name | Hughes, David, |
| Dates associated with a name | 1945- |
| 856 41 - ELECTRONIC LOCATION AND ACCESS | |
| Materials specified | Table of contents only |
| Uniform Resource Identifier | <a href="http://www.loc.gov/catdir/toc/ecip0712/2007009643.html">http://www.loc.gov/catdir/toc/ecip0712/2007009643.html</a> |
| 856 42 - ELECTRONIC LOCATION AND ACCESS | |
| Materials specified | Contributor biographical information |
| Uniform Resource Identifier | <a href="http://www.loc.gov/catdir/enhancements/fy0907/2007009643-b.html">http://www.loc.gov/catdir/enhancements/fy0907/2007009643-b.html</a> |
| 856 42 - ELECTRONIC LOCATION AND ACCESS | |
| Materials specified | Publisher description |
| Uniform Resource Identifier | <a href="http://www.loc.gov/catdir/enhancements/fy1004/2007009643-d.html">http://www.loc.gov/catdir/enhancements/fy1004/2007009643-d.html</a> |
| 906 ## - LOCAL DATA ELEMENT F, LDF (RLIN) | |
| a | 7 |
| b | cbc |
| c | orignew |
| d | 1 |
| e | ecip |
| f | 20 |
| g | y-gencatlg |
| 942 ## - ADDED ENTRY ELEMENTS (KOHA) | |
| Source of classification or shelving scheme | Library of Congress Classification |
| Koha item type | Books |
| Withdrawn status | Lost status | Source of classification or shelving scheme | Damaged status | Not for loan | Home library | Current library | Shelving location | Date acquired | Total Checkouts | Full call number | Barcode | Date last seen | Copy number | Price effective from | Koha item type |
|---|---|---|---|---|---|---|---|---|---|---|---|---|---|---|---|
| Library of Congress Classification | WISCONSIN INTERNATIONAL UNIVERSITY COLLEGE, GHANA - MAIN LIBRARY | WISCONSIN INTERNATIONAL UNIVERSITY COLLEGE, GHANA - MAIN LIBRARY | General Stacks | 20/04/2012 | KD3930.P65 | 1795/12 | 20/04/2012 | 1 | 20/04/2012 | Books | |||||
| Library of Congress Classification | WISCONSIN INTERNATIONAL UNIVERSITY COLLEGE, GHANA - MAIN LIBRARY | WISCONSIN INTERNATIONAL UNIVERSITY COLLEGE, GHANA - MAIN LIBRARY | General Stacks | 20/04/2012 | KD3930.P651 | 1796/12 | 20/04/2012 | 2 | 20/04/2012 | Books |
